|
|
|
|
| LEADER |
00000cam a2200000 i 4500 |
| 001 |
JSTOR_on1264458184 |
| 003 |
OCoLC |
| 005 |
20231005004200.0 |
| 006 |
m o d |
| 007 |
cr cnu---unuuu |
| 008 |
210821s2021 ck o 000 0 spa d |
| 040 |
|
|
|a YDX
|b eng
|e rda
|e pn
|c YDX
|d JSTOR
|d OCLCO
|d OCLCF
|d DGITA
|d YDX
|d OCLCO
|d OCLCQ
|d N$T
|d OCLCQ
|
| 019 |
|
|
|a 1343907671
|
| 020 |
|
|
|a 9789587846492
|q (electronic book)
|
| 020 |
|
|
|a 9587846494
|q (electronic book)
|
| 020 |
|
|
|a 9789587846508
|q (electronic book)
|
| 020 |
|
|
|a 9587846508
|q (electronic book)
|
| 020 |
|
|
|z 9789587846485
|
| 035 |
|
|
|a (OCoLC)1264458184
|z (OCoLC)1343907671
|
| 037 |
|
|
|a 22573/ctv1wwggmj
|b JSTOR
|
| 043 |
|
|
|a sa-----
|
| 050 |
|
4 |
|a PQ7082.N7
|b O73 2021
|
| 082 |
0 |
4 |
|a 863.00998
|2 23
|
| 049 |
|
|
|a UAMI
|
| 100 |
1 |
|
|a Ordonez Diaz, Leonardo.
|
| 245 |
1 |
0 |
|a Rios que cantan, arboles que lloran :
|b imagenes de la selva en la narrativa hispanoamericana.
|
| 264 |
|
1 |
|a Bogota, D.C., Columbia :
|b Editorial Universidad Del,
|c 2021.
|
| 300 |
|
|
|a 1 online resource
|
| 336 |
|
|
|a text
|b txt
|2 rdacontent
|
| 337 |
|
|
|a computer
|b c
|2 rdamedia
|
| 338 |
|
|
|a online resource
|b cr
|2 rdacarrier
|
| 590 |
|
|
|a JSTOR
|b Books at JSTOR All Purchased
|
| 590 |
|
|
|a JSTOR
|b Books at JSTOR Demand Driven Acquisitions (DDA)
|
| 650 |
|
0 |
|a Jungles in literature.
|
| 651 |
|
0 |
|a Amazon River Region
|x In literature.
|
| 650 |
|
0 |
|a Spanish American literature
|x History and criticism.
|
| 650 |
|
6 |
|a Littérature hispano-américaine
|x Histoire et critique.
|
| 650 |
|
7 |
|a Jungles in literature.
|2 fast
|0 (OCoLC)fst00984878
|
| 650 |
|
7 |
|a Literature.
|2 fast
|0 (OCoLC)fst00999953
|
| 650 |
|
7 |
|a Spanish American literature.
|2 fast
|0 (OCoLC)fst01128195
|
| 651 |
|
7 |
|a Amazon River Region.
|2 fast
|0 (OCoLC)fst01239764
|
| 655 |
|
7 |
|a Criticism, interpretation, etc.
|2 fast
|0 (OCoLC)fst01411635
|
| 856 |
4 |
0 |
|u https://jstor.uam.elogim.com/stable/10.2307/j.ctv1x0kckj
|z Texto completo
|
| 938 |
|
|
|a Digitalia Publishing
|b DGIT
|n DIGUDROS0605
|
| 938 |
|
|
|a YBP Library Services
|b YANK
|n 302409420
|
| 938 |
|
|
|a EBSCOhost
|b EBSC
|n 3004328
|
| 994 |
|
|
|a 92
|b IZTAP
|